Pakistan in Perspective 1947-1997. (Record no. 344461)
[ view plain ]
| 000 -LEADER | |
|---|---|
| fixed length control field | 01133 a2200265 4500 |
| 003 - CONTROL NUMBER IDENTIFIER | |
| control field | OSt |
| 005 - DATE AND TIME OF LATEST TRANSACTION | |
| control field | 20180116182713.0 |
| 008 - FIXED-LENGTH DATA ELEMENTS--GENERAL INFORMATION | |
| fixed length control field | 170830b xxu||||| |||| 00| 0 eng d |
| 020 ## - INTERNATIONAL STANDARD BOOK NUMBER | |
| International Standard Book Number | 0195778421 |
| 020 ## - INTERNATIONAL STANDARD BOOK NUMBER | |
| International Standard Book Number | 9780195778427 |
| 040 ## - CATALOGING SOURCE | |
| Transcribing agency | 0 |
| 082 04 - DEWEY DECIMAL CLASSIFICATION NUMBER | |
| Classification number | 954.21 RAF 1997 |
| 100 ## - MAIN ENTRY--PERSONAL NAME | |
| Personal name | Edited by Rafi Raza |
| 245 00 - TITLE STATEMENT | |
| Title | Pakistan in Perspective 1947-1997. |
| Statement of responsibility, etc. | Edited by Rafi Raza |
| 250 ## - EDITION STATEMENT | |
| Edition statement | 1 Ed ed. |
| 260 ## - PUBLICATION, DISTRIBUTION, ETC. | |
| Place of publication, distribution, etc. | Karachi |
| Name of publisher, distributor, etc. | Oxford University Press, USA, |
| Date of publication, distribution, etc. | 1997. |
| 300 ## - PHYSICAL DESCRIPTION | |
| Extent | 320 p. ; |
| Dimensions | 23 cm. |
| Other physical details | HB |
| 440 ## - SERIES STATEMENT/ADDED ENTRY--TITLE | |
| Title | Pakistan in Perspective 1947-1997. |
| 500 ## - GENERAL NOTE | |
| General note | Hardcover. |
| 520 ## - SUMMARY, ETC. | |
| Summary, etc. | This important new reference provides a wide range of historical and other information about Pakistan's first fifty years. The articles, written by leading Pakistani experts, discuss education, the constitution, foreign affairs, family planning, economics, and human rights. |
| 700 1# - ADDED ENTRY--PERSONAL NAME | |
| Personal name | Raza, Rafi. |
| 856 40 - ELECTRONIC LOCATION AND ACCESS | |
| Materials specified | Amazon.com |
| Uniform Resource Identifier | <a href="http://www.amazon.com/exec/obidos/ASIN/0195778421/chopaconline-20">http://www.amazon.com/exec/obidos/ASIN/0195778421/chopaconline-20</a> |
| 856 40 - ELECTRONIC LOCATION AND ACCESS | |
| Materials specified | Amazon customer reviews |
| Uniform Resource Identifier | <a href="http://www.chopac.org/cgi-bin/tools/azrev.pl?q=0195778421">http://www.chopac.org/cgi-bin/tools/azrev.pl?q=0195778421</a> |
| 942 ## - ADDED ENTRY ELEMENTS (KOHA) | |
| Institution code [OBSOLETE] | NBS |
| Koha item type | Book |
| Call number prefix | 954.21 RAF 1997 |
| Source of classification or shelving scheme | |
| Withdrawn status | Lost status | Source of classification or shelving scheme | Damaged status | Not for loan | Collection code | Permanent Location | Current Location | Shelving location | Date acquired | Total Checkouts | Full call number | Barcode | Date last seen | Date last checked out | Price effective from | Koha item type |
|---|---|---|---|---|---|---|---|---|---|---|---|---|---|---|---|---|
| Central Library (CL) | Central Library (CL) | General Stacks | 08/28/2013 | 3 | 954.21 RAF 1997 | NBS4255 | 11/26/2025 | 01/01/2019 | 08/28/2013 | Book |
